| 000 | 00920nam a22002415i 4500 | ||
|---|---|---|---|
| 001 | 167258 | ||
| 003 | ES-MaACL | ||
| 005 | 20251113140548.0 | ||
| 008 | 050922s1867 fr af | |||||||| ||fre d | ||
| 040 |
_aCAM _bspa _cCAM |
||
| 100 | 1 |
_aVerne, Jules, _d1828-1905 _9188654 |
|
| 245 | 1 | 0 |
_aVoyages et aventures du Capitaine Hatteras _b: Les anglais au pôle nord : Le désert de glace / _cJules Verne ; 150 vignettes par Riou. |
| 260 |
_aParis : _bJ. Hetzel, _c1867. |
||
| 300 |
_a467 p. : _bil. ; _c27 cm. |
||
| 490 | 1 | _aLes voyages extraordinaires | |
| 490 | 1 | _aBibliothèque d`´education et de récréation | |
| 700 | 1 |
_aRiou, Édouard, _d1833-1900 _eil. _997410 |
|
| 700 | 1 |
_aHetzel, J., _eed. _9127949 |
|
| 830 | 0 | 4 |
_aLes voyages extraordinaires _9188647 |
| 830 | 0 |
_aBibliothèque d`´education et de récréation _9233517 |
|
| 852 |
_aES-MaACL _jC-2291 _z-- Enc. hol. |
||
| 999 |
_c167258 _d167258 |
||